000 00670nam a22002297a 4500
003 OSt
005 20170806101531.0
008 140528b xxu||||| |||| 00| 0 eng d
020 _a9780199557745
040 _aLDCLIB
_cLDCLIB
082 0 4 _222
_a349.41
_bHOL
100 _aHolland, James.
245 1 0 _aLearning Legal Rules :
_c James Holland and Julian Webb.
_ba students' guide tyo legal method and reasoning /
250 _a7th ed.
260 _aNew York :
_bOxford University Press,
_c2010
300 _axxvii, 408 p. ;
_c23 cm.
500 _aIncludes index.
650 _aLaw
650 _aLearning legal rules
700 _aWebb, Julian.
942 _2ddc
_cBK
999 _c5858
_d5858